000 00256nam a2200097Ia 4500
001 673040
005 20250826160856.0
008 250824s9999 xx 000 0 und d
245 0 _aDOĞANIN BİR YILI EYLÜL
_cRUTH SYMONS
260 _bTÜBİTAK POPÜLER BİLİM
999 _c673040
_d673040